000 01156cam a2200241 4500
001 ABS63913
008 000000n2001 000 0 eng u
035 _a(Sirsi) u112269
100 _aMadine, V.
245 _aGoing to plan?
260 _c2001
490 _aBuilding
_v266(8180) 12 April 2001, 38-40(3)
520 _aDescribes the concept of masterplans relating to regeneration projects. Argues that local authorities often misunderstand and misapply the concept with the result that some firms are now refusing to apply for tender for masterplanning jobs in the UK. Explains that clearer guidance is needed on how to produce and manage masterplans with the Commission for Architecture and the Built Environment taking the lead here. Includes CABE's guide to getting the most from masterplans, and an example from Newcastle on how not to approach this type of scheme.
590 _aABS
650 _aMASTERPLAN
650 _aURBAN REGENERATION
650 _aNEWCASTLE UPON TYNE
650 _aLIVERPOOL
650 _aARCHITECTS
650 _aCOMMISSION FOR ARCHITECTURE AND THE BUILT ENVIRONMENT
690 _aREGENERATION
942 _n0
999 _c66847
_d66847